Statistics for Florida Counties - List

Click here to take the quiz!

General Stats

  • This quiz has been taken 104 times
  • The average score is 32 of 67

Answer Stats

Answer% Correct
Broward
78%
Hillsborough
78%
Miami-Dade
78%
Brevard
74%
Pinellas
70%
Duval
67%
Orange
67%
Palm Beach
67%
Lake
63%
Monroe
63%
Clay
59%
Jefferson
59%
Sarasota
59%
Seminole
59%
St. Johns
59%
Washington
59%
Alachua
56%
Bay
56%
Escambia
56%
Jackson
56%
Lee
56%
Citrus
52%
Collier
52%
Hernando
52%
Levy
52%
Flagler
48%
Indian River
48%
Leon
48%
Madison
48%
Okeechobee
48%
Osceola
48%
Polk
48%
Walton
48%
Baker
44%
Gulf
44%
Manatee
44%
Okaloosa
44%
Pasco
44%
Santa Rosa
44%
St. Lucie
44%
Volusia
44%
Bradford
41%
Calhoun
41%
DeSoto
41%
Franklin
41%
Gadsden
41%
Hendry
41%
Martin
41%
Nassau
41%
Charlotte
37%
Columbia
37%
Lafayette
37%
Marion
37%
Suwannee
37%
Gilchrist
33%
Hamilton
33%
Hardee
33%
Holmes
33%
Taylor
33%
Dixie
30%
Highlands
30%
Liberty
30%
Sumter
30%
Union
30%
Glades
26%
Wakulla
22%
Putnum
4%

Score Distribution

Percentile by Number Answered

Percent of People with Each Score

Your Score History

You have not taken this quiz